[Event "Hoogeveen op 23rd"]
[Site "Hoogeveen"]
[Date "2019.10.25"]
[Round "8"]
[White "Vasse, Albert"]
[Black "Otten, Martijn"]
[Result "0-1"]
[WhiteElo "1934"]
[BlackElo "2101"]
[PlyCount "88"]
[EventDate "2019.10.19"]
[EventType "swiss"]
[EventRounds "9"]
[EventCountry "NED"]
[SourceTitle "CBM 192 Extra"]
[Source "Chessbase"]
[SourceDate "2019.11.06"]
[SourceVersion "1"]
[SourceVersionDate "2019.11.06"]
[SourceQuality "1"]

1. e4 e6 2. Nf3 d5 3. e5 c5 4. b4 d4 5. Bc4 Nc6 6. bxc5 Bxc5 7. 0-0 Nge7 8. d3 Ng6 9. Bb5 Bd7 10. Bxc6 Bxc6 11. Re1 0-0 12. a4 Qc7 13. Qe2 Bxf3 14. gxf3 Bb4 15. Bd2 Bxd2 16. Nxd2 Qxc2 17. Rec1 Nf4 18. Rxc2 Nxe2+ 19. Kf1 Nf4 20. Ra3 Rac8 21. Nc4 Rc5 22. Ke1 Rfc8 23. Kd2 Ng6 24. Rb3 b6 25. Na3 Nxe5 26. Rxc5 Rxc5 27. Nb5 Nxf3+ 28. Ke2 Nxh2 29. Nxa7 h5 30. Rxb6 Ra5 31. Nc6 Rxa4 32. Rb8+ Kh7 33. Rd8 Ra2+ 34. Ke1 Nf3+ 35. Kf1 e5 36. Rd5 f6 37. Ne7 h4 38. Nf5 h3 39. Ng3 Ra1+ 40. Ke2 Ng5 41. Nf1 Ra2+ 42. Nd2 h2 43. Rd7 h1Q 44. Rxg7+ Kxg7 0-1

[Event "Wch Seniors 50 26th"]
[Site "Marianske Lazne"]
[Date "2016.11.24"]
[Round "6"]
[White "Fox, Anthony"]
[Black "Vasse, Albert"]
[Result "1/2-1/2"]
[WhiteElo "1986"]
[BlackElo "1826"]
[PlyCount "45"]
[EventDate "2016.11.19"]
[EventType "swiss"]
[EventRounds "11"]
[EventCountry "CZE"]
[SourceTitle "CBM 175 Extra"]
[Source "ChessBase"]
[SourceDate "2016.12.12"]
[SourceVersion "1"]
[SourceVersionDate "2016.12.12"]
[SourceQuality "1"]

1. e4 c5 2. Nc3 Nc6 3. g3 g6 4. Bg2 Bg7 5. d3 d6 6. Be3 Nf6 7. h3 0-0 8. Nge2 e5 9. 0-0 Be6 10. f4 Nd4 11. Qd2 Qc8 12. Kh2 Rb8 13. Rf2 b5 14. fxe5 dxe5 15. Raf1 Ne8 16. Nc1 f5 17. Nd1 b4 18. c3 bxc3 19. bxc3 Nb5 20. c4 Nd4 21. Nc3 Nd6 22. Bh6 Qd7 23. Bxg7 1/2-1/2

[Event "Wch Seniors 50 26th"]
[Site "Marianske Lazne"]
[Date "2016.11.23"]
[Round "5"]
[White "Vasse, Albert"]
[Black "Dobes, Ludek"]
[Result "1/2-1/2"]
[WhiteElo "1826"]
[BlackElo "2038"]
[PlyCount "47"]
[EventDate "2016.11.19"]
[EventType "swiss"]
[EventRounds "11"]
[EventCountry "CZE"]
[SourceTitle "CBM 175 Extra"]
[Source "ChessBase"]
[SourceDate "2016.12.12"]
[SourceVersion "1"]
[SourceVersionDate "2016.12.12"]
[SourceQuality "1"]

1. e4 c5 2. d4 cxd4 3. c3 dxc3 4. Nxc3 Nc6 5. Nf3 d6 6. Bc4 e6 7. 0-0 Nf6 8. Qe2 Be7 9. Rd1 e5 10. h3 a6 11. b4 0-0 12. b5 axb5 13. Nxb5 Ne8 14. Bb2 Qb6 15. Ba3 Na5 16. Bd5 Nc7 17. Nxd6 Qa6 18. Qxa6 Rxa6 19. Bb3 Nxb3 20. axb3 Be6 21. Nxe5 Bxb3 22. Rdb1 Rxa3 23. Rxa3 Bxd6 24. Raxb3 1/2-1/2